| 000 | 00856nam a22002417a 4500 | ||
|---|---|---|---|
| 003 | 0 | ||
| 005 | 20250916125141.0 | ||
| 008 | 250916b xxu||||| |||| 00| 0 eng d | ||
| 020 | _a978-1-119-90109-9 | ||
| 050 |
_aQA 76.9.H85 _b.R64 2023 |
||
| 100 |
_aRogers, Yvonne, _eauthor. |
||
| 245 |
_aInteraction design : _bbeyond human-computer interaction / _cYvonne Rogers, Helen Sharp, and Jennifer Preece. |
||
| 250 | _aSixth edition. | ||
| 260 |
_aHoboken, NJ : _bJohn Wiley & Sons, Inc., _c2023. |
||
| 300 |
_axxi, 689 pages : _bcolored illustrations ; _c24 cm. |
||
| 504 | _aIncludes bibliographical references and index. | ||
| 650 | _aHuman-computer interaction. | ||
| 650 | _aUser interfaces (Computer systems). | ||
| 650 | _aUsability engineering. | ||
| 700 |
_aSharp, Helen, _eauthor. |
||
| 700 |
_aPreece, Jennifer, _eauthor. |
||
| 942 |
_2lcc _cBK |
||
| 999 |
_c367989 _d367989 |
||